Statistics for Europe countries classified by population

Click here to take the quiz!

General Stats

  • This quiz has been taken 69 times
    (45 since last reset)
  • The average score is 37 of 45

Answer Stats

PopulationAnswer% Correct
2.81 147 265Germany
100%
1.142 470 272Russia
100%
3.65 951611France
97%
4.63 395 574United Kingdom
97%
5.61 482 297Italy
95%
6.47 370 542Spain
95%
42.37 009Liechtenstein
89%
45.30 500Monaco
89%
8.38 383 809Poland
89%
11.10 799 270Portugal
89%
46.839Vatican City
89%
41.85 293Andorra
86%
9.21 790 479Romania
86%
7.44 573 205Ukraine
86%
12.10 772 967Greece
84%
44.32 448San Marino
84%
17.9 119 423Sweden
84%
27.4 475 611Croatia
81%
36.1 266 375Estonia
81%
10.16 805 037Netherlands
81%
31.3 011 405Albania
78%
13.10 444 268Belgium
78%
28.3 875 723Bosnia and Herzegovina
78%
21.6 981 642Bulgaria
78%
14.10 162 921Czech Republic
78%
40.315 281Iceland
78%
35.1 847 708Kosovo
78%
32.2 178 443Latvia
78%
38.514 862Luxembourg
78%
39.411 277Malta
78%
37.653 474Montenegro
78%
18.8 221 646Austria
76%
16.9 625 888Belarus
76%
22.5 556 452Denmark
76%
33.2 087 171F.Y.R Macedonia
76%
15.9 939 470Hungary
76%
25.4 775 982Ireland
76%
30.3 515 858Lithuania
76%
26.4 722 701Norway
76%
20.7 243 007Serbia
76%
23.5 488 339Slovakia
76%
19.7 996 026Switzerland
76%
24.5 453 784Finland
70%
29.3 619 925Moldova
70%
34.1 992 690Slovenia
68%

Score Distribution

Percentile by Number Answered

Percent of People with Each Score

Your Score History

You have not taken this quiz since the last reset